[Event "XXVII RUS-chT Premier 2020"]
[Site "Sochi"]
[Date "2020.11.19"]
[Round "1.16"]
[White "Makhmutov, Rail"]
[Black "Murzin, Volodar"]
[Result "1/2-1/2"]
[WhiteElo "2442"]
[BlackElo "2470"]
[Annotator "ChessBase"]
[PlyCount "85"]
[EventDate "2020.11.19"]
[EventType "team-tourn"]
[EventCountry "RUS"]
[SourceTitle "playchess.com"]
[Source "ChessBase"]
[SourceQuality "1"]
[TimeControl "40/5400+30:1800+30"]

1. d4 {[%emt 0:00:00]} Nf6 {[%emt 0:00:00]} 2. c4 {[%emt 0:00:00]} g6 {[%emt 0:00:00]} 3. Nc3 {[%emt 0:00:00]} Bg7 {[%emt 0:00:05]} 4. e4 {[%emt 0:00:19]} d6 {[%emt 0:00:10]} 5. Nf3 {[%emt 0:00:09]} O-O {[%emt 0:00:09]} 6. Be2 {[%emt 0:00:05]} e5 {[%emt 0:01:58]} 7. Be3 {[%emt 0:00:36]} Ng4 {[%emt 0:06:53]} 8. Bg5 {[%emt 0:00:29]} f6 {[%emt 0:01:13]} 9. Bc1 {[%emt 0:00:09]} Nc6 {[%emt 0:00:38]} 10. O-O {[%emt 0:01:59]} exd4 {[%emt 0:13:24]} 11. Nxd4 {[%emt 0:00:50]} Nxd4 {[%emt 0:00:07]} 12. Qxd4 {[%emt 0:01:46]} f5 {[%emt 0:01:45]} 13. Qd5+ {[%emt 0:00:30]} Kh8 {[%emt 0:00:12]} 14. exf5 {[%emt 0:00:10]} Bxf5 {[%emt 0:05:39]} 15. Bxg4 {[%emt 0:05:57]} Bxg4 {[%emt 0:00:11]} 16. Be3 {[%emt 0:00:05]} Bd7 {[%emt 0:04:26]} 17. Bd4 {[%emt 0:05:17]} Bc6 {[%emt 0:00:15]} 18. Bxg7+ {[%emt 0:09:03]} Kxg7 {[%emt 0:00:07]} 19. Qd2 {[%emt 0:00:33]} Qf6 {[%emt 0:08:19]} 20. Nd5 {[%emt 0:07:21]} Bxd5 {[%emt 0:04:03]} 21. cxd5 {[%emt 0:01:35]} Rae8 {[%emt 0:07:43]} 22. Rae1 {[%emt 0:08:56]} Qf7 {[%emt 0:04:52]} 23. h4 {[%emt 0:11:14]} h5 {[%emt 0:08:44]} 24. b4 {[%emt 0:04:26]} Kh7 {[%emt 0:03:39]} 25. b5 {[%emt 0:04:35]} Re7 {[%emt 0:04:20]} 26. Rxe7 {[%emt 0:08:39]} Qxe7 {[%emt 0:00:13]} 27. Qd4 {[%emt 0:00:12]} b6 {[%emt 0:03:42]} 28. Rc1 {[%emt 0:01:32]} Rf7 {[%emt 0:00:55]} 29. Kf1 {[%emt 0:02:14]} Qe8 {[%emt 0:01:30]} 30. a4 {[%emt 0:05:03]} Re7 {[%emt 0:00:21]} 31. Qd2 {[%emt 0:01:07]} Qf7 {[%emt 0:02:28]} 32. Rc3 {[%emt 0:05:19]} Qf5 {[%emt 0:05:04]} 33. Qc1 {[%emt 0:06:09]} Qxd5 {[%emt 0:03:31]} 34. Rxc7 {[%emt 0:00:03]} Qe4 {[%emt 0:01:36]} 35. Rc4 {[%emt 0:04:44]} Qe5 {[%emt 0:01:52]} 36. g3 {[%emt 0:03:45]} d5 {[%emt 0:01:25]} 37. Rf4 {[%emt 0:00:53]} d4 {[%emt 0:01:38]} 38. Qc4 {[%emt 0:00:29]} Rd7 {[%emt 0:02:29]} 39. Rf7+ {[%emt 0:01:19]} Rxf7 {[%emt 0:00:11]} 40. Qxf7+ {[%emt 0:00:00]} Kh6 {[%emt 0:00:00]} 41. Qf8+ {[%emt 0:06:25]} Kh7 {[%emt 0:00:46]} 42. Qf7+ {[%emt 0:00:05]} Kh6 {[%emt 0:00:16]} 43. Qf8+ {[%emt 0:00:10]} 1/2-1/2

[Event "XXVII RUS-chT Premier 2020"]
[Site "Sochi"]
[Date "2020.11.19"]
[Round "1.17"]
[White "Belyakov, Bogdan"]
[Black "Samusenko, Maksim"]
[Result "1/2-1/2"]
[WhiteElo "2450"]
[BlackElo "2466"]
[Annotator "ChessBase"]
[PlyCount "120"]
[EventDate "2020.11.19"]
[EventType "team-tourn"]
[EventCountry "RUS"]
[SourceTitle "playchess.com"]
[Source "ChessBase"]
[SourceQuality "1"]
[TimeControl "40/5400+30:1800+30"]

1. e4 {[%emt 0:00:00]} c5 {[%emt 0:00:00]} 2. Nf3 {[%emt 0:00:00]} Nc6 {[%emt 0:00:12]} 3. c3 {[%emt 0:00:21]} Nf6 {[%emt 0:00:52]} 4. e5 {[%emt 0:00:27]} Nd5 {[%emt 0:00:19]} 5. d4 {[%emt 0:01:17]} cxd4 {[%emt 0:00:48]} 6. cxd4 {[%emt 0:00:46]} d6 {[%emt 0:00:22]} 7. Bc4 {[%emt 0:02:14]} dxe5 {[%emt 0:01:15]} 8. dxe5 {[%emt 0:01:56]} Ndb4 {[%emt 0:01:36]} 9. Qb3 {[%emt 0:02:47]} e6 {[%emt 0:01:52]} 10. O-O {[%emt 0:01:53]} Na5 {[%emt 0:01:16]} 11. Qa4+ {[%emt 0:00:14]} Bd7 {[%emt 0:00:52]} 12. Bb5 {[%emt 0:00:06]} Bxb5 {[%emt 0:01:25]} 13. Qxb5+ {[%emt 0:00:06]} Nac6 {[%emt 0:00:25]} 14. Nc3 {[%emt 0:00:09]} a6 {[%emt 0:01:24]} 15. Qc4 {[%emt 0:06:17]} Qd3 {[%emt 0:01:11]} 16. Qg4 {[%emt 0:00:31]} h5 {[%emt 0:01:32]} 17. Qf4 {[%emt 0:06:27]} Qg6 {[%emt 0:22:28]} 18. Rd1 {[%emt 0:08:03]} Be7 {[%emt 0:11:20]} 19. a3 {[%emt 0:06:25]} Nd3 {[%emt 0:04:36]} 20. Qe3 {[%emt 0:01:05]} Nxc1 {[%emt 0:10:58]} 21. Raxc1 {[%emt 0:00:13]} O-O {[%emt 0:02:00]} 22. Rd7 {[%emt 0:03:09]} Rab8 {[%emt 0:03:17]} 23. Qb6 {[%emt 0:09:39]} Bd8 {[%emt 0:04:16]} 24. Qc5 {[%emt 0:02:12]} Bg5 {[%emt 0:06:36]} 25. Rcd1 {[%emt 0:02:17]} Rfd8 {[%emt 0:01:42]} 26. h4 {[%emt 0:16:35]} Rxd7 {[%emt 0:02:33]} 27. Rxd7 {[%emt 0:00:09]} Bf4 {[%emt 0:00:22]} 28. Qb6 {[%emt 0:08:43]} Nxe5 {[%emt 0:05:36]} 29. Nxe5 {[%emt 0:00:49]} Bxe5 {[%emt 0:00:05]} 30. Rxb7 {[%emt 0:01:13]} Rc8 {[%emt 0:05:05]} 31. Qxa6 {[%emt 0:05:13]} Bxc3 {[%emt 0:01:46]} 32. Rb5 {[%emt 0:03:02]} Rd8 {[%emt 0:04:14]} 33. bxc3 {[%emt 0:00:10]} Qe4 {[%emt 0:00:50]} 34. Rb4 {[%emt 0:02:47]} Qe1+ {[%emt 0:02:07]} 35. Qf1 {[%emt 0:07:20]} Qxc3 {[%emt 0:00:04]} 36. Qb1 {[%emt 0:00:17]} Qxa3 {[%emt 0:00:26]} 37. Rb8 {[%emt 0:00:06]} Qd6 {[%emt 0:00:53]} 38. Rxd8+ {[%emt 0:00:08]} Qxd8 {[%emt 0:00:03]} 39. g3 {[%emt 0:00:05]} Qd5 {[%emt 0:00:33]} 40. Qb8+ {[%emt 0:00:00]} Kh7 {[%emt 0:00:00]} 41. Qf4 {[%emt 0:01:21]} Kg6 {[%emt 0:02:28]} 42. Qc1 {[%emt 0:00:28]} Qf5 {[%emt 0:02:36]} 43. Qe3 {[%emt 0:01:07]} Kh7 {[%emt 0:01:01]} 44. Kg2 {[%emt 0:00:19]} g6 {[%emt 0:00:46]} 45. Kg1 {[%emt 0:00:25]} Qd5 {[%emt 0:00:56]} 46. Qc3 {[%emt 0:00:58]} e5 {[%emt 0:01:11]} 47. Qe3 {[%emt 0:00:39]} Kg7 {[%emt 0:00:28]} 48. Qc3 {[%emt 0:01:46]} Kf6 {[%emt 0:02:03]} 49. Qe3 {[%emt 0:00:35]} Kf5 {[%emt 0:02:13]} 50. Qg5+ {[%emt 0:00:33]} Ke6 {[%emt 0:00:34]} 51. Qc1 {[%emt 0:00:30]} Kd7 {[%emt 0:02:39]} 52. Qe3 {[%emt 0:00:14]} Qd4 {[%emt 0:00:55]} 53. Qf3 {[%emt 0:01:27]} Ke7 {[%emt 0:01:17]} 54. Qb7+ {[%emt 0:00:13]} Kf6 {[%emt 0:00:11]} 55. Qf3+ {[%emt 0:00:06]} Kg7 {[%emt 0:00:18]} 56. Kg2 {[%emt 0:00:27]} Qd8 {[%emt 0:02:24]} 57. Kg1 {[%emt 0:02:49]} Qf6 {[%emt 0:00:14]} 58. Qd5 {[%emt 0:00:25]} g5 {[%emt 0:00:28]} 59. hxg5 {[%emt 0:00:46]} Qxg5 {[%emt 0:00:05]} 60. Qe4 {[%emt 0:03:44]} Kh6 {[%emt 0:05:08]} 1/2-1/2

[Event "XXVII RUS-chT Premier 2020"]
[Site "Sochi"]
[Date "2020.11.19"]
[Round "1.18"]
[White "Faizrakhmanov, Ramil"]
[Black "Savitskiy, Sergey"]
[Result "1-0"]
[WhiteElo "2450"]
[BlackElo "2451"]
[Annotator "ChessBase"]
[PlyCount "69"]
[EventDate "2020.11.19"]
[EventType "team-tourn"]
[EventCountry "RUS"]
[SourceTitle "playchess.com"]
[Source "ChessBase"]
[SourceQuality "1"]
[TimeControl "40/5400+30:1800+30"]

1. d4 {[%emt 0:00:00]} Nf6 {[%emt 0:00:00]} 2. c4 {[%emt 0:00:00]} g6 {[%emt 0:00:00]} 3. Nc3 {[%emt 0:00:00]} Bg7 {[%emt 0:00:00]} 4. e4 {[%emt 0:00:14]} d6 {[%emt 0:00:06]} 5. h3 {[%emt 0:00:16]} O-O {[%emt 0:00:12]} 6. Be3 {[%emt 0:00:17]} e5 {[%emt 0:04:38]} 7. d5 {[%emt 0:00:25]} a5 {[%emt 0:00:07]} 8. g4 {[%emt 0:01:05]} Nfd7 {[%emt 0:00:20]} 9. Qd2 {[%emt 0:01:09]} Nc5 {[%emt 0:01:39]} 10. Nge2 {[%emt 0:02:11]} c6 {[%emt 0:17:19]} 11. Ng3 {[%emt 0:04:09]} cxd5 {[%emt 0:01:01]} 12. cxd5 {[%emt 0:01:05]} a4 {[%emt 0:00:32]} 13. Rc1 {[%emt 0:04:07]} Nba6 {[%emt 0:05:05]} 14. Be2 {[%emt 0:04:50]} Kh8 {[%emt 0:30:12]} 15. h4 {[%emt 0:08:48]} f5 {[%emt 0:00:57]} 16. gxf5 {[%emt 0:05:41]} gxf5 {[%emt 0:00:36]} 17. exf5 {[%emt 0:01:11]} Bxf5 {[%emt 0:00:15]} 18. h5 {[%emt 0:10:36]} e4 {[%emt 0:04:00]} 19. h6 {[%emt 0:03:53]} Be5 {[%emt 0:02:11]} 20. Rh5 {[%emt 0:04:08]} Bg6 {[%emt 0:19:19]} 21. Rxe5 {[%emt 0:00:38]} dxe5 {[%emt 0:00:04]} 22. Bxa6 {[%emt 0:00:13]} Nxa6 {[%emt 0:00:04]} 23. Nxa4 {[%emt 0:00:43]} Qh4 {[%emt 0:06:47]} 24. Nb6 {[%emt 0:00:47]} Rae8 {[%emt 0:03:18]} 25. d6 {[%emt 0:01:02]} Qf6 {[%emt 0:03:13]} 26. Nd7 {[%emt 0:01:08]} Qe6 {[%emt 0:00:30]} 27. Nxf8 {[%emt 0:00:07]} Rxf8 {[%emt 0:00:03]} 28. d7 {[%emt 0:02:07]} Rd8 {[%emt 0:00:52]} 29. Bg5 {[%emt 0:00:11]} Rxd7 {[%emt 0:00:37]} 30. Rc8+ {[%emt 0:00:07]} Be8 {[%emt 0:00:04]} 31. Bf6+ {[%emt 0:00:04]} Kg8 {[%emt 0:00:33]} 32. Qg5+ {[%emt 0:00:18]} Kf8 {[%emt 0:00:18]} 33. Nxe4 {[%emt 0:01:10]} Nb4 {[%emt 0:01:06]} 34. Bg7+ {[%emt 0:00:14]} Kf7 {[%emt 0:00:26]} 35. Qh5+ {[%emt 0:00:13]} 1-0

[Event "XXVII RUS-chT Premier 2020"]
[Site "Sochi"]
[Date "2020.11.19"]
[Round "1.20"]
[White "Predke, Alexandr"]
[Black "Shubin, Kirill"]
[Result "1/2-1/2"]
[WhiteElo "2696"]
[BlackElo "2441"]
[Annotator "TA"]
[PlyCount "81"]
[EventDate "2020.11.19"]
[EventType "team-tourn"]
[EventCountry "RUS"]
[SourceTitle "playchess.com"]
[Source "ChessBase"]
[SourceQuality "1"]

{[%evp 18,81,22,10,47,18,29,17,9,1,6,11,5,10,11,-3,0,0,0,0,0,0,0,0,0,1,4,0,0,0,8,0,3,5,6,0,0,0,0,0,0,0,0,0,0,0,0,0,0,0,0,0,0,0,0,0,0,0,0,0,0,0,0,0,0,0]} 1. d4 e6 2. c4 Nf6 3. Nf3 b6 4. g3 Bb7 5. Bg2 Be7 6. O-O O-O 7. Nc3 Ne4 8. Qc2 Nxc3 9. Qxc3 c5 10. Rd1 cxd4 {E19: Queen's Indian: Old Main Line with 7...Ne4 8 Qc2 Nxc3 8 Qxc3.} 11. Qxd4 Bf6 12. Qd3 {[#] Hoping for Ng5.} d5 $146 {The position is equal.} ({Predecessor:} 12... Na6 13. Be3 Nc5 14. Bxc5 bxc5 15. Qxd7 Qb6 16. Qb5 Bc6 17. Qxb6 axb6 18. Rd6 Bxf3 19. Bxf3 Rab8 20. Rad1 Rfd8 21. b3 Bd4 22. Rxd8+ Rxd8 23. Rb1 Bf6 24. a3 Rd2 25. Kf1 {½-½ (25) Stohl,I (2551)-Medvegy,Z (2518) Germany 2007}) 13. Qb1 Qe7 14. cxd5 exd5 15. Be3 Nc6 16. Qc2 Rac8 17. Qd2 d4 (17... Rfe8 {keeps more tension.} 18. Rac1 h6 19. Re1 Qd7 20. h4 d4) 18. Nxd4 Nxd4 19. Bxd4 Bxd4 20. Qxd4 Bxg2 21. Kxg2 Qxe2 22. Rd2 Qe7 23. Rad1 Rfe8 24. Qg4 g6 25. Rd7 Qe6 26. Qf3 {aiming for R1d6.} Re7 27. Qb7 Rce8 $1 28. b3 h5 29. h4 Qf6 30. R1d3 Rxd7 31. Qxd7 $11 {[%mdl 4096] Endgame KQR-KQR} Re7 32. Qd8+ Kg7 33. Rf3 Qe6 $1 34. Qd4+ Qe5 35. Qc4 Qe4 36. Qc3+ Qe5 37. Qc4 Qe4 38. Qc3+ Qe5 39. Qc4 Qe4 40. Qc3+ Qe5 41. Qc4 {Weighted Error Value: White=0.02/Black=0.02} 1/2-1/2

[Event "XXVII RUS-chT Premier 2020"]
[Site "Sochi"]
[Date "2020.11.19"]
[Round "1.21"]
[White "Timerkhanov, Alexander"]
[Black "Esipenko, Andrey"]
[Result "1/2-1/2"]
[WhiteElo "2379"]
[BlackElo "2683"]
[Annotator "TA"]
[PlyCount "79"]
[EventDate "2020.11.19"]
[EventType "team-tourn"]
[EventCountry "RUS"]
[SourceTitle "playchess.com"]
[Source "ChessBase"]
[SourceQuality "1"]

{[%evp 14,79,9,0,12,14,14,14,19,0,39,31,110,0,0,0,0,-14,32,32,31,8,22,8,37,33,48,44,60,14,79,80,122,38,39,40,40,40,40,40,40,10,10,10,10,10,31,31,31,32,32,32,18,18,18,10,10,10,10,10,10,10,10,10,10,10,10,10]} 1. d4 Nf6 2. Bg5 e6 3. Nd2 h6 4. Bh4 d5 5. e3 c5 6. c3 Nc6 7. Ngf3 Be7 8. Bd3 Nd7 {D03: 1 d4 d5 2 Nf3 Nf6 3 Bg5, including Torre Attack with early ...d5.} 9. Bg3 b6 10. Qe2 Bb7 {[#]} 11. a3 $146 ({Predecessor:} 11. Rd1 c4 12. Bb1 f5 13. Nxc4 dxc4 14. Qxc4 Nf8 15. d5 Na5 16. Qe2 exd5 17. Bxf5 {1-0 (28) Pick,S (2083)-Kirsch,A Dresden 2007}) 11... c4 12. Bc2 f5 {[#]} ({Black should try} 12... Nf6 $14) 13. Ne5 (13. Nxc4 $1 $16 {[%mdl 512]} dxc4 14. Qxc4) 13... Ncxe5 $11 14. Bxe5 Nxe5 15. dxe5 b5 16. Qh5+ Kd7 17. Nf3 (17. O-O {seems wilder.} Qe8 18. Qe2 Qb8 19. f4 g5 20. Rfd1) 17... Qe8 18. Qxe8+ Rhxe8 19. Nd4 a6 20. h3 Rf8 21. Ke2 Rab8 (21... f4 $11 {remains equal.}) 22. f4 $16 Bc5 {[#]} 23. Rhg1 (23. Rag1 $1 $16) 23... h5 24. g4 hxg4 $1 25. hxg4 Bxd4 26. exd4 {Strongly threatening gxf5.} g6 $1 27. gxf5 gxf5 28. Rg7+ Kc6 29. Rg6 Bc8 30. Rh1 Kb7 31. Rh7+ Ka8 32. Rgg7 {[%csl Gh7][%cal Rg7a7]} Rb6 $1 33. Kd2 {The position is equal.} Kb8 34. Rh6 (34. Bd1 {with more complications.} a5 35. Ke3 b4 36. Ba4 bxa3 37. bxa3 Rb2 38. Kf3) 34... Rb7 35. Rxb7+ Kxb7 36. Ke3 Rg8 {...Rg2 is the strong threat.} 37. Kf2 Rg7 38. Bd1 a5 39. Rh8 Bd7 40. Bf3 {Weighted Error Value: White=0.15/Black=0.14} 1/2-1/2

[Event "XXVII RUS-chT Premier 2020"]
[Site "Sochi"]
[Date "2020.11.19"]
[Round "1.22"]
[White "Sarana, Alexey"]
[Black "Saveliev, Alexei"]
[Result "1-0"]
[WhiteElo "2636"]
[BlackElo "2363"]
[Annotator "ChessBase"]
[PlyCount "75"]
[EventDate "2020.11.19"]
[EventType "team-tourn"]
[EventCountry "RUS"]
[SourceTitle "playchess.com"]
[Source "ChessBase"]
[SourceQuality "1"]
[TimeControl "40/5400+30:1800+30"]

1. d4 {[%emt 0:00:00]} Nf6 {[%emt 0:00:00]} 2. c4 {[%emt 0:00:00]} e6 {[%emt 0:00:00]} 3. Nf3 {[%emt 0:00:00]} b6 {[%emt 0:00:45]} 4. a3 {[%emt 0:00:00]} Bb7 {[%emt 0:05:04]} 5. Nc3 {[%emt 0:00:06]} d5 {[%emt 0:00:06]} 6. Bg5 {[%emt 0:00:07]} Be7 {[%emt 0:03:07]} 7. Bxf6 {[%emt 0:00:10]} Bxf6 {[%emt 0:00:07]} 8. cxd5 {[%emt 0:00:05]} exd5 {[%emt 0:00:10]} 9. g3 {[%emt 0:00:09]} O-O {[%emt 0:05:35]} 10. Bg2 {[%emt 0:01:42]} Re8 {[%emt 0:02:52]} 11. O-O {[%emt 0:00:17]} Nd7 {[%emt 0:14:46]} 12. e3 {[%emt 0:00:28]} Nf8 {[%emt 0:02:36]} 13. b4 {[%emt 0:10:16]} c5 {[%emt 0:14:46]} 14. Rc1 {[%emt 0:05:01]} c4 {[%emt 0:06:46]} 15. h4 {[%emt 0:08:26]} Qe7 {[%emt 0:03:44]} 16. Nh2 {[%emt 0:04:27]} Rad8 {[%emt 0:04:30]} 17. Ng4 {[%emt 0:01:01]} h6 {[%emt 0:03:16]} 18. b5 {[%emt 0:12:24]} Nh7 {[%emt 0:01:46]} 19. a4 {[%emt 0:02:15]} Qc7 {[%emt 0:03:34]} 20. Qf3 {[%emt 0:12:22]} Be7 {[%emt 0:04:08]} 21. Qf5 {[%emt 0:08:36]} Ba3 {[%emt 0:05:50]} 22. Nxd5 {[%emt 0:03:57]} Qd7 {[%emt 0:07:57]} 23. Qxd7 {[%emt 0:03:51]} Rxd7 {[%emt 0:00:02]} 24. Rc3 {[%emt 0:00:16]} Bb2 {[%emt 0:04:01]} 25. Rc2 {[%emt 0:00:11]} Bxd4 {[%emt 0:00:17]} 26. Rd1 {[%emt 0:06:24]} Bxd5 {[%emt 0:00:10]} 27. Rxd4 {[%emt 0:01:50]} Be6 {[%emt 0:00:07]} 28. Rxd7 {[%emt 0:01:28]} Bxd7 {[%emt 0:00:02]} 29. Rxc4 {[%emt 0:00:27]} Be6 {[%emt 0:06:35]} 30. Rd4 {[%emt 0:00:11]} Bf5 {[%emt 0:00:07]} 31. Bc6 {[%emt 0:00:45]} Re7 {[%emt 0:00:09]} 32. Nh2 {[%emt 0:03:04]} Nf8 {[%emt 0:00:18]} 33. e4 {[%emt 0:03:33]} Ne6 {[%emt 0:00:19]} 34. Rd6 {[%emt 0:00:53]} Bg6 {[%emt 0:01:51]} 35. f4 {[%emt 0:00:47]} f5 {[%emt 0:00:59]} 36. exf5 {[%emt 0:00:50]} Bxf5 {[%emt 0:00:02]} 37. g4 {[%emt 0:00:10]} Bc2 {[%emt 0:01:30]} 38. Bd5 {[%emt 0:00:17]} 1-0

[Event "XXVII RUS-chT Premier 2020"]
[Site "Sochi"]
[Date "2020.11.19"]
[Round "1.23"]
[White "Askerov, Marat"]
[Black "Popov, Ivan"]
[Result "1/2-1/2"]
[WhiteElo "2338"]
[BlackElo "2636"]
[Annotator "TA"]
[PlyCount "181"]
[EventDate "2020.11.19"]
[EventType "team-tourn"]
[EventCountry "RUS"]
[SourceTitle "playchess.com"]
[Source "ChessBase"]
[SourceQuality "1"]

{[%evp 11,181,10,10,5,8,8,18,7,10,14,17,10,16,8,20,14,4,16,8,6,13,19,22,21,10,8,0,9,28,4,14,8,30,33,32,29,27,0,41,-25,-25,-25,0,0,0,0,0,0,0,0,5,0,0,0,0,0,0,0,0,0,0,0,0,0,0,-8,0,-8,-6,-6,0,0,0,0,0,0,0,-65,-65,-65,0,0,-33,-65,0,0,0,-65,-65,-8,0,0,0,0,0,0,0,0,0,0,0,0,0,0,0,0,0,0,0,0,0,0,0,0,0,0,0,0,0,-6,0,0,0,0,0,0,0,0,0,0,0,0,0,0,0,0,0,0,0,0,0,0,0,0,0,0,0,0,0,0,0,0,0,0,0,0,0,0,0,0,0,0,0,0,0,0,0,0,0,0,0,0]} 1. d4 Nf6 2. c4 e6 3. Nf3 b6 4. g3 Ba6 5. Qb3 Nc6 6. Nbd2 d5 7. Bg2 {E15: Queen's Indian: 4 g3 sidelines, 4 g3 Ba6 and 4 g3 Bb7 early deviations.} Bd6 8. Qa4 Bb7 9. cxd5 exd5 10. Nc4 dxc4 11. Ne5 $1 Bb4+ 12. Kf1 O-O ({Avoid the trap} 12... b5 $2 13. Qxb5 O-O 14. Nxc6 $18 (14. Qxb7 Nxd4 15. Qxa8 Qe7 $16)) 13. Nxc6 Qe8 $1 14. Qxb4 Bxc6 15. Qxc4 Bb5 $1 {[%cal Rb5c4]} 16. Qc2 Rd8 17. a4 Ba6 {[#]} 18. Be3 $146 ({Predecessor:} 18. b4 Rxd4 19. b5 Qe6 20. Bf3 Qh3+ 21. Kg1 Bc8 22. Bb2 Bf5 23. Qc3 Rd7 24. Bc6 {½-½ (35) Ivanchuk,V (2699)-Almasi,Z (2676) Monte Carlo 2003}) 18... Nd5 19. Ra3 Qe6 20. h4 Qg4 21. Kg1 Nxe3 22. Rxe3 Qxd4 23. Qxc7 Qxb2 24. Kh2 Qf6 25. Bf3 (25. Qe7 $14) 25... Bxe2 $11 26. Kg2 Bxf3+ (26... Qd6 {is interesting.} 27. Qxd6 Bxf3+ 28. Rxf3 Rxd6 29. Rc1 Rfd8) 27. Rxf3 Qe6 28. Qxa7 Qc6 {[#] Strongly threatening ...Rd3.} 29. Qa6 Rd5 30. Rb1 Rf5 31. Rbb3 Rxf3 32. Rxf3 {[%mdl 4096] Endgame KQR-KQR} Ra8 33. Qd3 g6 34. Qb3 Qb7 35. Kh2 Rxa4 36. Rxf7 Qxf7 37. Qxa4 Qxf2+ {KQ-KQ} 38. Kh3 Qf1+ 39. Kh2 Qe2+ 40. Kh3 Qe6+ 41. Kh2 h5 42. Qa8+ Kg7 43. Qa7+ Kf6 44. Qb8 (44. Qa1+ $11 Qe5 45. Qf1+ Ke7 46. Qg2) 44... Qe2+ $15 45. Kh3 {[#] Intending Qf8+ and mate.} Qe6+ (45... Qf1+ {keeps more tension.} 46. Kh2 Qf2+ 47. Kh1 Qe1+ 48. Kh2 Qd2+) 46. Kh2 $1 Qc6 47. Qf4+ Ke6 (47... Kg7 $1 $15) 48. Qe3+ $11 Kf7 49. Qf4+ ({White should try} 49. Qb3+ $11 Ke7 50. Qe3+ Qe6 51. Qd2) 49... Kg8 $15 50. Qb8+ Kh7 {The position is equal.} 51. Qa7+ $1 Kh6 52. Qa1 {[%cal Ra1h8]} Qc2+ 53. Kg1 $1 {[%cal Ra1h8]} Qc5+ 54. Kh2 {[%cal Ra1h8]} Qf2+ 55. Kh3 {[%cal Ra1h8]} Qf5+ 56. Kh2 {[%cal Ra1h8]} Qc2+ 57. Kg1 {[%cal Ra1h8]} Qc5+ 58. Kh2 {[%cal Ra1h8]} Kh7 (58... Qc8 {feels hotter.} 59. Qd4 b5 60. Qe3+ Kh7 61. Qe7+ Kg8) 59. Qa7+ Kg8 60. Qb8+ Kg7 61. Qa7+ {Cut Off at move 61} Kf6 62. Qa1+ Ke6 63. Qe1+ Kd7 (63... Qe5 {looks sharper.} 64. Qb1 Qe2+ 65. Kg1 b5 66. Qxg6+ Kd5) 64. Qd2+ Kc8 65. Qa2 Qf5 66. Qa8+ Kc7 67. Qa7+ Kc6 68. Qa8+ Kb5 69. Qe8+ Ka5 70. Qe1+ Ka6 71. Qa1+ $1 Kb7 72. Qg7+ Kc6 73. Qc3+ Qc5 74. Qf6+ Qd6 (74... Kb5 {keeps more tension.} 75. Qa1 Qf2+ 76. Kh3 Qf5+ 77. Kh2 g5) 75. Qf3+ Kb5 76. Qb3+ Ka5 {Hoping for ...Qd2+.} 77. Qa2+ Kb4 78. Qb2+ Kc4 79. Qc2+ Kd4 80. Qd2+ Ke5 81. Qf4+ (81. Qe3+ {is more complex.} Kf5 82. Qg5+ Ke4 83. Qb5 Kd4 84. Qa4+) 81... Ke6 {...Qxf4 is the strong threat.} 82. Qe4+ Kd7 83. Qb7+ Kd8 84. Qa8+ Kc7 85. Qa7+ $1 Kc6 86. Qa8+ Kb5 87. Qe8+ Kc4 {And now ...b5 would win.} 88. Qa4+ Kc3 89. Qa1+ Kd2 90. Qb2+ $1 Ke3 {White must now prevent ...Qd2+.} 91. Qb3+ {Weighted Error Value: White=0.09/Black=0.05} 1/2-1/2

[Event "XXVII RUS-chT Premier 2020"]
[Site "Sochi"]
[Date "2020.11.19"]
[Round "1.24"]
[White "Grachev, Boris"]
[Black "Golikov, Daniil"]
[Result "1-0"]
[WhiteElo "2612"]
[BlackElo "2230"]
[Annotator "ChessBase"]
[PlyCount "67"]
[EventDate "2020.11.19"]
[EventType "team-tourn"]
[EventCountry "RUS"]
[SourceTitle "playchess.com"]
[Source "ChessBase"]
[SourceQuality "1"]
[TimeControl "40/5400+30:1800+30"]

1. d4 {[%emt 0:00:00]} d5 {[%emt 0:00:00]} 2. c4 {[%emt 0:01:05]} c6 {[%emt 0:00:01]} 3. Nf3 {[%emt 0:00:29]} Nf6 {[%emt 0:00:09]} 4. Nc3 {[%emt 0:00:33]} e6 {[%emt 0:02:02]} 5. e3 {[%emt 0:00:25]} Nbd7 {[%emt 0:00:06]} 6. Qc2 {[%emt 0:00:23]} Bd6 {[%emt 0:01:21]} 7. Bd3 {[%emt 0:00:14]} O-O {[%emt 0:06:42]} 8. O-O {[%emt 0:01:55]} dxc4 {[%emt 0:02:11]} 9. Bxc4 {[%emt 0:00:12]} e5 {[%emt 0:00:42]} 10. Bb3 {[%emt 0:02:47]} Qe7 {[%emt 0:04:09]} 11. h3 {[%emt 0:01:35]} Bc7 {[%emt 0:13:55]} 12. Bd2 {[%emt 0:08:17]} h6 {[%emt 0:05:59]} 13. Nh4 {[%emt 0:06:37]} Nb6 {[%emt 0:06:47]} 14. Ng6 {[%emt 0:02:40]} Qe8 {[%emt 0:02:10]} 15. Nxf8 {[%emt 0:03:42]} exd4 {[%emt 0:04:31]} 16. Nb5 {[%emt 0:12:22]} Bb8 {[%emt 0:03:15]} 17. Ng6 {[%emt 0:12:59]} cxb5 {[%emt 0:13:48]} 18. exd4 {[%emt 0:00:13]} Nbd5 {[%emt 0:04:10]} 19. Rfe1 {[%emt 0:01:13]} Be6 {[%emt 0:01:00]} 20. Ne5 {[%emt 0:00:05]} Qd8 {[%emt 0:15:08]} 21. Qd3 {[%emt 0:02:44]} a6 {[%emt 0:00:53]} 22. Qg3 {[%emt 0:02:18]} Nh5 {[%emt 0:02:21]} 23. Qf3 {[%emt 0:01:20]} Nhf6 {[%emt 0:00:02]} 24. Rad1 {[%emt 0:02:28]} Ba7 {[%emt 0:02:07]} 25. Nd3 {[%emt 0:06:22]} Bxd4 {[%emt 0:02:55]} 26. Nf4 {[%emt 0:00:42]} Nxf4 {[%emt 0:04:28]} 27. Bxf4 {[%emt 0:00:05]} Bxb3 {[%emt 0:00:33]} 28. axb3 {[%emt 0:02:47]} Qb6 {[%emt 0:00:13]} 29. Re7 {[%emt 0:00:51]} Qc5 {[%emt 0:02:20]} 30. Rc7 {[%emt 0:11:42]} Qb4 {[%emt 0:00:19]} 31. Bd2 {[%emt 0:00:53]} Qf8 {[%emt 0:00:41]} 32. Qxb7 {[%emt 0:04:28]} Rd8 {[%emt 0:00:21]} 33. Be3 {[%emt 0:01:33]} Bxe3 {[%emt 0:00:14]} 34. Rxd8 {[%emt 0:00:10]} 1-0